Gp Explorer 3 - Classement de la course - Statistiques

Statistiques générales
  • Ce quiz a été pris 464 fois
    461 depuis la dernière actualisation
  • Le résultat moyen est 16 sur 24
Statistiques - réponses
Rand Pilotes % Correct
1 21 Karchez
94%
3 97 Maxime Biaggi
92%
2 27 Kaatsup
91%
23 / DNF 14 Squeezie
82%
5 77 Houdi
77%
4 92 PLK
76%
24 / DNF 23 Théodort
72%
18 3 Anyme
69%
21 99 Billy
68%
22 31 Maghla
67%
8 15 Djilsi
66%
7 7 Gotaga
66%
20 48 Lea Elui
66%
6 17 Ander
61%
10 16 Ana on Air
59%
11 19 SCH
59%
17 10 Amine
58%
19 28 Baghera Jones
57%
15 2 Cocotte
57%
16 56 Mastu
53%
9 42 Ludwig
51%
13 38 Mister V
51%
12 4 Nikof
47%
14 51 Michael Reeves
43%
Aucun quiz correspondant
Distribution des résultats
% des personnes avec chaque résultat
Percentile par nombre de réponses
Votre historique - résultats
Vous n’avez pas pris ce quiz depuis la dernière actualisation